Project management : (Record no. 28947)

MARC details
000 -LEADER
fixed length control field 01553cam a22003134a 4500
005 - DATE AND TIME OF LATEST TRANSACTION
control field 20070125171906.0
008 - FIXED-LENGTH DATA ELEMENTS--GENERAL INFORMATION
fixed length control field 000322s2001 nyuab | b 001 0 eng
010 ## - LCCN (DPL NO)
LC control number B-355139
020 ## - INTERNATIONAL STANDARD BOOK NUMBER
International Standard Book Number 8123908679
Terms of availability 280.00
035 ## - SYSTEM CONTROL NUMBER
System control number B-355139
037 ## - SOURCE OF ACQUISITION
Source of stock number/acquisition UBH
040 ## - CATALOGING SOURCE
Original cataloging agency dpl
Language of cataloging English
082 ## - DEWEY DECIMAL CLASSIFICATION NUMBER
Classification number 658.404
100 ## - MAIN ENTRY--PERSONAL NAME
Personal name Kerzner, Harold
245 ## - TITLE STATEMENT
Title Project management :
Remainder of title a systems approach to planning, scheduling, and controlling /
Statement of responsibility, etc by Harold Kerzner
250 ## - EDITION STATEMENT
Edition statement 2nd ed.
260 ## - PUBLICATION, DISTRIBUTION, ETC. (IMPRINT)
Place of publication, distribution, etc New Delhi
Name of publisher, distributor, etc CBS Publishers
Date of publication, distribution, etc 2004 (repr.)
270 ## - ADDRESS
Address 4596/1-A, 11 Darya Ganj
City New Delhi
Postal code 110002
300 ## - PHYSICAL DESCRIPTION
Extent xiv, 937 p. :
Dimensions 22 cm.(pbk)
Other physical details ill.
504 ## - BIBLIOGRAPHY, ETC. NOTE
Bibliography, etc Includes bibliographical references and indexes.
650 ## - SUBJECT ADDED ENTRY--TOPICAL TERM
Topical term or geographic name as entry element Project management.
856 ## - ELECTRONIC LOCATION AND ACCESS
Materials specified Table of Contents
Uniform Resource Identifier <a href="http://www.loc.gov/catdir/toc/onix06/00036802.html">http://www.loc.gov/catdir/toc/onix06/00036802.html</a>
856 ## - ELECTRONIC LOCATION AND ACCESS
Materials specified Contributor biographical information
Uniform Resource Identifier <a href="http://www.loc.gov/catdir/enhancements/fy0706/00036802-b.html">http://www.loc.gov/catdir/enhancements/fy0706/00036802-b.html</a>
856 ## - ELECTRONIC LOCATION AND ACCESS
Materials specified Publisher description
Uniform Resource Identifier <a href="http://www.loc.gov/catdir/enhancements/fy0706/00036802-d.html">http://www.loc.gov/catdir/enhancements/fy0706/00036802-d.html</a>
942 ## - ADDED ENTRY ELEMENTS (KOHA)
Source of classification or shelving scheme Dewey Decimal Classification
Item type English Books
Classification part 658.404
Call number suffix KER
Holdings
Withdrawn status Lost status Source of classification or shelving scheme Damaged status Not for loan Collection code Home library Current library Date acquired Source of acquisition Cost, normal purchase price Total Checkouts Full call number Barcode Date last seen Copy number Cost, replacement price Koha item type
    Dewey Decimal Classification     Non-fiction Shahdara Branch Shahdara Branch 06/08/2009 UBH/50/24.7.09/RP-8/16.7.09/4.8.09 280.00   658.404 KER B-355139 06/08/2009 1 280.00 English Books

© Delhi Public Library
Hit Counter
free hit counter